[Event "IEWCC"]
[Site "Istanbul TUR"]
[Date "2003.06.10"]
[Round "7"]
[White "Kovalevskaya,E"]
[Black "Lomineishvili,M"]
[Result "1-0"]
[WhiteElo "2447"]
[BlackElo "2397"]

1.e4 c5 2.Nf3 d6 3.Bb5+ Nd7 4.O-O Nf6 5.d4 cxd4 6.Qxd4 e5 7.Qd3 h6 8.c4 Be7
9.Nc3 O-O 10.Bxd7 Bxd7 11.b3 Be6 12.Rd1 a6 13.a4 Rc8 14.Ba3 Qa5 15.Qe3 Rfd8
16.h3 Bf8 17.Ne1 Qc7 18.Nd3 Nd7 19.Nb4 Nc5 20.Ncd5 Bxd5 21.Nxd5 Qc6 22.a5 Ne6
23.Ra2 Re8 24.Rad2 Rcd8 25.Rd3 Nd4 26.Bb2 Ne6 27.Qe1 Kh7 28.Rf3 Rd7 29.h4 Kg8
30.g3 Be7 31.Nb6 Rc7 32.Rd5 Bf6 33.Qd2 Nc5 34.Re3 Be7 35.Qd1 Nd7 36.Nxd7 Rxd7
37.Red3 Rc7 38.Ba3 Rcc8 39.Kg2 Rb8 40.f3 Qc7 41.Qd2 b6 42.axb6 Rxb6 43.Bxd6 Bxd6
44.Rxd6 Rxd6 45.Rxd6 a5 46.Qd5 Qb8 47.Rd7 Rf8 48.Rb7 Qc8 49.c5 Kh7 50.c6 Rd8
51.Rd7 Qa6 52.Kf2 Qb6+ 53.Ke2 Rc8 54.Qxf7 Qb5+ 55.Kd2 Qb4+ 56.Kd1 Rg8 57.Qc4 Qb6
58.c7 Rc8 59.Qc3 Qg1+ 60.Kc2 Qf2+ 61.Kb1 Qxg3 62.Rd8 Qg1+ 63.Kb2 Qh2+ 64.Ka3 Qh3
65.Qxe5  1-0

[Event "IEWCC"]
[Site "Istanbul TUR"]
[Date "2003.06.10"]
[Round "7"]
[White "Kosintseva,T"]
[Black "Dworakowska,J"]
[Result "1-0"]
[WhiteElo "2457"]
[BlackElo "2387"]

1.e4 c5 2.Nf3 d6 3.Bb5+ Nc6 4.O-O Bd7 5.Re1 a6 6.Bf1 Bg4 7.c3 g6 8.d4 cxd4
9.cxd4 Bg7 10.d5 Nd4 11.Be3 Nxf3+ 12.gxf3 Bxb2 13.Nd2 Bc8 14.Rb1 Bc3 15.Bb6 Qd7
16.Rc1 Bxd2 17.Qxd2 Nf6 18.Rc7 Qa4 19.e5 dxe5 20.Rxe5 O-O 21.Rexe7 Qh4 22.Be3 Ne8
23.Bg5 Qh5 24.Rc4 Nd6 25.Rh4 Qxf3 26.Re3 Qf5 27.Be7 Nb5 28.Bh3 Qb1+ 29.Re1 Qxe1+
30.Qxe1 Re8 31.Qe3 Bxh3 32.Qh6  1-0

[Event "4th IECC"]
[Site "Istanbul TUR"]
[Date "2003.06.10"]
[Round "10"]
[White "Can,E"]
[Black "Erdogan,H"]
[Result "1/2-1/2"]
[WhiteElo "2200"]
[BlackElo "2239"]

1.e4 c5 2.Nf3 d6 3.Bb5+ Bd7 4.Bxd7+ Qxd7 5.O-O Nc6 6.c3 Nf6 7.d4 Nxe4 8.d5 Nd8
9.Re1 Nf6 10.Bg5 Ng8 11.Nbd2 f6 12.Bf4 Nf7 13.b4 g5 14.Bg3 h5 15.h4 g4 16.Nh2 cxb4
17.cxb4 Ngh6 18.Re6 Bg7 19.Qc2 O-O 20.Rae1 Ne5 21.f4 Rac8 22.Qb3 Nef7 23.Rxe7 Qd8
24.Qd3 Qb6+ 25.Bf2 Qxb4 26.g3 f5 27.Rb1 Qa4 28.Rexb7 Rc3 29.Qe2 Qxa2 30.Nhf1 a5
31.Qe6 Rc2 32.Rb8 Rb2 33.R1xb2 Bxb2 34.Rxf8+ Kxf8 35.Ne3 Bd4 36.Ndc4 Qb1+
37.Kg2 Qe4+ 38.Qxe4 fxe4 39.Nxa5 Bxe3 40.Bxe3 Nf5 41.Bd2 Ne7 42.Nc4 Nxd5
43.f5 Ke7 44.Bg5+ Kd7 45.Kf2 Kc6 46.Ke2 Kc5 47.Ne3 Nxe3 48.Kxe3 d5 49.Bf6 Kc4
50.Bb2 Nd6 51.f6 Nf7 52.Ba1 Kc5 53.Kf4 Kd6 54.Bc3 Ke6 55.Bd4 Nd6 56.Bc3 Nc4
57.Kg5 Kf7 58.Kxh5 Ne3 59.Kg5 Nd1 60.Be1 e3 61.h5 Nf2 62.h6 Ne4+ 63.Kf4 Nxf6
64.Kxe3 Kg6 65.Kf4 Kxh6 66.Kf5 Ne4 67.Kxg4 Nxg3  1/2-1/2

[Event "4th IECC"]
[Site "Istanbul TUR"]
[Date "2003.06.10"]
[Round "10"]
[White "Marcelin,C"]
[Black "Naiditsch,A"]
[Result "1/2-1/2"]
[WhiteElo "2503"]
[BlackElo "2588"]

1.e4 c5 2.Nf3 d6 3.Bb5+ Bd7 4.Bxd7+ Qxd7 5.c4 Nc6 6.Nc3 Nf6 7.d4 cxd4 8.Nxd4 g6
9.f3 Bg7 10.Nde2 O-O 11.O-O a6 12.a4 e6 13.Bg5 h6 14.Bh4 Rfd8 15.f4 Qc7 16.b3 Qa5
17.Rf3 g5 18.Be1 d5 19.exd5 exd5 20.Nxd5 Qc5+ 21.Bf2 Qd6 22.fxg5 Nxd5 23.cxd5 Qxd5
24.Qxd5 Rxd5 25.Nc3 Nd4 26.Bxd4 Bxd4+ 27.Kf1 Bxc3 28.Rxc3 hxg5 29.Rac1 Kg7  1/2-1/2

[Event "IV Open"]
[Site "Lido Estensi ITA"]
[Date "2003.06.10"]
[Round "4"]
[White "Franchini,G"]
[Black "Grigore,N"]
[Result "0-1"]
[WhiteElo "2178"]
[BlackElo "2370"]

1.e4 c5 2.Nf3 d6 3.Bb5+ Bd7 4.Bxd7+ Qxd7 5.c4 Nc6 6.Nc3 g6 7.d4 cxd4 8.Nxd4 Bg7
9.Be3 Nf6 10.f3 O-O 11.O-O a6 12.Qd2 Rfc8 13.b3 Rab8 14.Rac1 Ne5 15.a4 Qd8
16.Rfd1 Ned7 17.g4 Nc5 18.b4 Ncd7 19.g5 Nh5 20.c5 dxc5 21.Ne6 fxe6 22.Qxd7 Qxd7
23.Rxd7 cxb4 24.Ne2 Rxc1+ 25.Nxc1 a5 26.Bb6 Rc8 27.Nd3 b3 28.e5 Nf4 29.Bxa5 Nxd3
30.Rxd3 b2  0-1

[Event "5th ZNG111 GM"]
[Site "Opatija CRO"]
[Date "2003.06.10"]
[Round "3"]
[White "Ljubicic,F"]
[Black "Guidarelli,L"]
[Result "1/2-1/2"]
[WhiteElo "2406"]
[BlackElo "2388"]

1.e4 c5 2.Nf3 d6 3.Bb5+ Bd7 4.a4 Nc6 5.O-O a6 6.Bc4 Nf6 7.Re1 Bg4 8.c3 e6
9.h3 Bxf3 10.Qxf3 Na5 11.Qe2 Nxc4 12.Qxc4 Rc8 13.Qb3 Qc7 14.d3 Be7 15.Bf4 O-O
16.Nd2 Nd7 17.Nc4 b6 18.Rad1 Qc6 19.Na3 Bf6 20.Bg3 Rfd8 21.Nc4 Be7 22.Na3 Bf8
23.f3 b5 24.axb5 axb5 25.d4 cxd4 26.Rxd4 Nb6 27.Red1 Nc4 28.Bf2 Rd7 29.Nc2 Ra8
30.Nb4 Qc8 31.Qc2 Rda7 32.Qb3 Na5 33.Qc2 Nc4 34.Qb3  1/2-1/2

[Event "IEWCC"]
[Site "Istanbul TUR"]
[Date "2003.06.11"]
[Round "8"]
[White "Slavina,I"]
[Black "Calzetta,M"]
[Result "1-0"]
[WhiteElo "2381"]
[BlackElo "2253"]

1.e4 c5 2.Nf3 d6 3.Bb5+ Bd7 4.Bxd7+ Qxd7 5.O-O Nc6 6.b3 Nf6 7.Re1 g6 8.Bb2 e5
9.c3 Bg7 10.d4 cxd4 11.cxd4 O-O 12.Nbd2 exd4 13.Nxd4 Rfe8 14.Nxc6 Qxc6 15.Rc1 Qa6
16.Qc2 Re7 17.Nc4 Rae8 18.Bxf6 Bxf6 19.Rcd1 Re6 20.f3 Rc8 21.a4 b5 22.axb5 Qxb5
23.Qa2 a5 24.Kh1 Bc3 25.Re3 Bb4 26.Ra1 d5 27.exd5 Qxd5 28.Rxe6 Qxe6 29.Rd1 Re8
30.h3 Be1 31.Kg1 Bg3 32.Qxa5 Qe7 33.Qd2 Bb8 34.f4 Qh4 35.Rf1 Qg3 36.b4 g5
37.Qd7 Re2 38.Qd8+ Kg7 39.Qxg5+ Qxg5 40.fxg5 Rc2 41.Na3 Rb2 42.Rb1 Ra2 43.Nc4 Kg6
44.b5 Kxg5 45.Rb2 Ra4 46.Nd2 Kf6 47.Kf2 Ke6 48.Nf3 f6 49.b6 Kd7 50.Ke3 Kc6
51.Nd4+ Kb7 52.Ne6 Rc4 53.Kd3 Rc8 54.Ke4 Be5 55.Rb3 Rc2 56.g4 Rd2 57.Nc5+ Kc6
58.Nd3 Re2+ 59.Kf3 Rh2 60.Nxe5+ fxe5  1-0

[Event "4th IECC"]
[Site "Istanbul TUR"]
[Date "2003.06.12"]
[Round "12"]
[White "Reyhan,D"]
[Black "Mamedov,Rau"]
[Result "0-1"]
[WhiteElo "2161"]
[BlackElo "2330"]

1.e4 c5 2.Nf3 d6 3.Bb5+ Nd7 4.O-O Nf6 5.Re1 a6 6.Bf1 b6 7.c3 Bb7 8.d4 Bxe4
9.Bg5 Bb7 10.dxc5 Nxc5 11.Bxf6 gxf6 12.Nd4 Qc7 13.Qh5 O-O-O 14.Qxf7 e5 15.Qxf6 Bg7
16.Qf5+ Kb8 17.Ne6 Qd7 18.Nxg7 Qxg7 19.Nd2 Rdf8 20.Qh3 Rhg8 21.Re3 Qf6 22.Re2 Ne6
23.Qxh7 Nf4 24.Ne4 Bxe4 25.Qxe4 Nh3+ 26.Kh1 Qxf2  0-1

[Event "IEWCC"]
[Site "Istanbul TUR"]
[Date "2003.06.13"]
[Round "10"]
[White "Sedina,E"]
[Black "Smokina,K"]
[Result "1/2-1/2"]
[WhiteElo "2434"]
[BlackElo "2269"]

1.e4 c5 2.Nf3 d6 3.Bb5+ Nd7 4.O-O a6 5.Bxd7+ Bxd7 6.d4 cxd4 7.Qxd4 Bc6 8.Bg5 f6
9.Bd2 e5 10.Qe3 d5 11.exd5 Qxd5 12.Nc3 Qc5 13.Qe2 Ne7 14.Be3 Qa5 15.Nd2 Nd5
16.Nc4 Nxc3 17.Qh5+ g6 18.Nxa5 gxh5 19.bxc3 Be4 20.f3 Bxc2 21.Nxb7 Rc8 22.Rac1 Ba4
23.c4 Ba3 24.Rb1 Rxc4 25.Nc5 Bxc5 26.Bxc5 Kf7 27.Rfc1 Rxc1+ 28.Rxc1 Rc8 29.Kf2 Ke6
30.Ba3 Rd8 31.Ke1 f5 32.Rc4 Rd1+ 33.Kf2 Bb5 34.Rc2 f4 35.g3 Kf5 36.gxf4 Kxf4
37.Bc1+ Kf5 38.Rc7 h4 39.Rf7+ Ke6 40.Rc7 h3 41.Bh6 Ra1 42.Rc2 Kf5 43.Kg3 Bd7
44.Be3 Be6 45.Kxh3 Bxa2 46.Kg3 Bd5 47.Kf2 h5 48.Rd2 Ke6 49.f4 Rh1 50.Kg3  1/2-1/2

[Event "IEWCC"]
[Site "Istanbul TUR"]
[Date "2003.06.13"]
[Round "10"]
[White "Kosintseva,T"]
[Black "Galliamova,A"]
[Result "1-0"]
[WhiteElo "2457"]
[BlackElo "2489"]

1.e4 c5 2.Nf3 d6 3.Bb5+ Nc6 4.O-O Bd7 5.Re1 Nf6 6.c3 a6 7.Bf1 Bg4 8.d4 Bxf3
9.gxf3 e5 10.d5 Nb8 11.f4 Nbd7 12.a4 g6 13.Na3 Bg7 14.Nc4 Qe7 15.Bh3 O-O
16.a5 Rae8 17.Qf3 Nh5 18.Bxd7 Qxd7 19.f5 Kh8 20.Bg5 Bf6 21.Qxh5  1-0

[Event "4th IECC"]
[Site "Istanbul TUR"]
[Date "2003.06.13"]
[Round "13"]
[White "Asmundsson,I"]
[Black "Georgiev,Kr"]
[Result "1/2-1/2"]
[WhiteElo "2327"]
[BlackElo "2516"]

1.e4 c5 2.Nf3 d6 3.Bb5+ Nd7 4.d4 Nf6 5.Nc3 cxd4 6.Qxd4 e5 7.Qd3 h6 8.Be3 Be7
9.h3 O-O 10.a4 Qc7 11.Nd2 Nc5 12.Bxc5 Qxc5 13.Qc4 Qb6 14.a5 Qd8 15.Qd3 Be6
16.Bc4 Rc8 17.O-O a6 18.Rfd1 Rc5 19.b4 Rc7 20.Nd5 Nxd5 21.Bxd5 Bxd5 22.Qxd5 Qc8
23.c4 Bg5 24.Nf3 Rxc4 25.Nxg5 hxg5 26.Qxd6 Rxe4 27.Rac1 Qf5 28.Rc7 Rc8 29.f3 Rd4  1/2-1/2

[Event "4th IECC"]
[Site "Istanbul TUR"]
[Date "2003.06.13"]
[Round "13"]
[White "Rytshagov,M"]
[Black "Efimenko,Z"]
[Result "1/2-1/2"]
[WhiteElo "2491"]
[BlackElo "2599"]

1.e4 c5 2.Nf3 d6 3.Bb5+ Nd7 4.c3 Nf6 5.Qe2 a6 6.Ba4 b5 7.Bc2 Bb7 8.d4 e6
9.O-O Be7 10.Nbd2 cxd4 11.cxd4 Qc7 12.Bd3 O-O 13.b3 Rfc8 14.Bb2 Bc6 15.Rac1 Qb7
16.Rc2 Nf8 17.Rfc1 Bd7 18.Rxc8 Rxc8 19.Rxc8 Qxc8 20.Ne1 Bd8 21.Nc2 Bc6 22.Nb4 Bb7
23.e5 dxe5 24.dxe5 Nd5 25.Nxd5 Bxd5 26.Be4 Qc6 27.Bxd5 Qxd5 28.Nf3 Ng6 29.g3 h6
30.Kg2 Bc7 31.Qe3 Qc6 32.Qc3 Qb7 33.Qc5 Bd8 34.Qd6 Bc7 35.Qd7 Nxe5  1/2-1/2

[Event "4th IECC"]
[Site "Istanbul TUR"]
[Date "2003.06.13"]
[Round "13"]
[White "Akcan,U"]
[Black "Erdogan,H"]
[Result "1/2-1/2"]
[WhiteElo "2167"]
[BlackElo "2239"]

1.e4 c5 2.Nf3 d6 3.Bb5+ Bd7 4.Bxd7+ Qxd7 5.O-O Nc6 6.c3 Nf6 7.d4 Nxe4 8.d5 Nd8
9.Re1 Nf6 10.Bg5 e6 11.Na3 Be7 12.Bxf6 Bxf6 13.dxe6 Nxe6 14.Nc4 Rd8 15.Qd5 O-O
16.Rad1 Nf4 17.Qxd6 Qa4 18.b3 Rxd6 19.bxa4 Rxd1 20.Rxd1 Ne2+ 21.Kf1 Nxc3
22.Rd7 Rb8 23.Nd6 Nxa2 24.Nd2 Nc3 25.a5 Rd8 26.Rxd8+ Bxd8 27.Nxb7 Be7 28.Nb3 Na4
29.Ke2 c4 30.Nd4 Nc5 31.Nxc5 Bxc5 32.Nc6 f6 33.Nd8 a6 34.f3 Bd6 35.Ke3 Be5
36.Nc6 Kf7 37.Nb4 Bc3 38.Nxa6 Bxa5 39.Kd4 c3 40.Kd3 Ke6 41.Nc5+ Ke5 42.Ne4 Kf4
43.Nc5 c2 44.Nb3 Bb6 45.Nc1 Bg1 46.Ne2+ Kg5 47.h3 Kh4 48.Kxc2 Be3 49.Kd3  1/2-1/2

[Event "IV Open"]
[Site "Lido Estensi ITA"]
[Date "2003.06.13"]
[Round "7"]
[White "Radovanovic,J"]
[Black "Mantovani,R"]
[Result "0-1"]
[WhiteElo "2233"]
[BlackElo "2353"]

1.e4 c5 2.Nf3 d6 3.Bb5+ Nd7 4.O-O a6 5.Bxd7+ Bxd7 6.d4 cxd4 7.Qxd4 Rc8 8.Nc3 e6
9.Bg5 Nf6 10.Rad1 Be7 11.e5 dxe5 12.Nxe5 Bc6 13.Nxc6 Rxc6 14.Qxd8+ Bxd8 15.Rd3 O-O
16.Rfd1 Be7 17.Rd7 Nxd7 18.Bxe7 Ne5 19.Bxf8 Kxf8 20.Rd8+ Ke7 21.Rb8 Rc7 22.Kf1 b5
23.Ke1 Nd7 24.Ra8 b4 25.Nd1 Rxc2 26.Rxa6 Nc5 27.Rb6 Nd3+ 28.Kf1 Rd2 29.Rb7+ Kf6
30.Ne3 Rxf2+ 31.Kg1 Rxb2 32.Ra7 Rb1+ 33.Nf1 Ra1 34.Ra4 g5 35.g3 g4 36.Kg2 Rb1
37.Ne3 Rb2+ 38.Kg1 h5 39.Ra5 Ne5 40.Kf1 Rxh2 41.Ng2 Rh1+ 42.Kf2 Ng6 43.Ne3 Rh2+
44.Kg1 Re2 45.Ng2 Rb2  0-1

[Event "IV Open"]
[Site "Lido Estensi ITA"]
[Date "2003.06.14"]
[Round "8"]
[White "Voltolini,G"]
[Black "Barletta,A"]
[Result "1-0"]
[WhiteElo "2264"]
[BlackElo "2070"]

1.e4 c5 2.Nf3 d6 3.Bb5+ Bd7 4.Bxd7+ Qxd7 5.c4 Nf6 6.Nc3 Nc6 7.d4 cxd4 8.Nxd4 g6
9.f3 Bg7 10.Nde2 O-O 11.O-O Rac8 12.b3 Rfd8 13.Bg5 h6 14.Bh4 g5 15.Bf2 e6
16.Qc1 b6 17.Rd1 Qb7 18.Qe3 Rd7 19.Rac1 Rcd8 20.h3 d5 21.cxd5 exd5 22.Nxd5 Nxd5
23.exd5 Rxd5 24.Rxd5 Rxd5 25.Qe8+ Kh7 26.Qe4+  1-0

[Event "Master Open"]
[Site "Voronezh RUS"]
[Date "2003.06.16"]
[Round "4"]
[White "Ovetchkin,R"]
[Black "Shtyka,S"]
[Result "1/2-1/2"]
[WhiteElo "2535"]
[BlackElo "2331"]

1.e4 c5 2.Nf3 d6 3.Bb5+ Bd7 4.Bxd7+ Nxd7 5.O-O Ngf6 6.Qe2 g6 7.c3 Bg7 8.d4 e5
9.dxe5 dxe5 10.Rd1 Qc7 11.c4 O-O 12.Nc3 h6 13.b3 Rae8 14.Bb2 Nb8 15.Nb5 Qc6
16.Bxe5 a6 17.Nd6 Re6 18.Bxf6 Bxf6 19.e5 Nd7 20.Rd5 Nxe5 21.Nxe5 Bxe5 22.Rxe5 Qxd6
23.Rxe6 Qxe6 24.Qxe6 fxe6 25.Rd1 Rf7 26.Rd6 Re7 27.f3 Kf7 28.Kf2 Rc7 29.Ke3 Ke7
30.Rb6 Kf6 31.h4 Rd7 32.a3 Ke5 33.g4 h5 34.f4+ Kf6 35.g5+ Kf5 36.b4 Rd4 37.Rxb7 Rxc4
38.Rf7+ Kg4 39.Kd3 Rd4+ 40.Kc3 Rd5 41.Rf6 cxb4+ 42.axb4 a5 43.bxa5 Rxa5 44.Rxg6 Kxh4
45.Rxe6 Kg4 46.Rf6 h4 47.g6 Ra8 48.g7 Rg8 49.f5 Kg5 50.Rg6+  1/2-1/2

[Event "It"]
[Site "Leposavic YUG"]
[Date "2003.06.17"]
[Round "6"]
[White "Markovic,Miros"]
[Black "Antic,D"]
[Result "1/2-1/2"]
[WhiteElo "2504"]
[BlackElo "2450"]

1.e4 c5 2.Nf3 d6 3.Bb5+ Bd7 4.Bxd7+ Qxd7 5.O-O Nf6 6.e5 dxe5 7.Nxe5 Qc8 8.d4 e6
9.Nc3 cxd4 10.Qxd4 Nc6 11.Qa4 Be7 12.b3 O-O 13.Nxc6 Qxc6 14.Qxc6 bxc6 15.Bb2  1/2-1/2

[Event "Master Open"]
[Site "Voronezh RUS"]
[Date "2003.06.19"]
[Round "7"]
[White "Alavkin,A"]
[Black "Amonatov,F"]
[Result "1-0"]
[WhiteElo "2482"]
[BlackElo "2558"]

1.e4 c5 2.Nf3 d6 3.Bb5+ Nd7 4.d4 Nf6 5.O-O cxd4 6.Qxd4 e5 7.Qd3 h6 8.c4 Be7
9.Nc3 O-O 10.Be3 Ng4 11.Rad1 Nxe3 12.Qxe3 Nf6 13.Nxe5 a6 14.Ba4 Qc7 15.Nd3 Qxc4
16.Bb3 Qc7 17.Nf4 Qc5 18.Qxc5 dxc5 19.e5 Nd7 20.Ng6 Re8 21.e6 fxe6 22.Bxe6+ Kh7
23.Bf5  1-0

[Event "TCh-BIH"]
[Site "Jahorina BIH"]
[Date "2003.06.21"]
[Round "1"]
[White "Ristic,Nen"]
[Black "Perunovic,Mil"]
[Result "0-1"]
[WhiteElo "2480"]
[BlackElo "2479"]

1.e4 c5 2.Nf3 d6 3.Bb5+ Bd7 4.Bxd7+ Qxd7 5.O-O Nf6 6.e5 dxe5 7.Nxe5 Qc8 8.d4 e6
9.c3 Nbd7 10.Bg5 Be7 11.Qa4 cxd4 12.cxd4 Qd8 13.Bxf6 gxf6 14.Nf3 Qb6 15.d5 Qxb2
16.dxe6 fxe6 17.Nbd2 Qb4 18.Qc2 Qc5 19.Qb3 Qd5 20.Qa4 Kf7 21.Rad1 Nc5 22.Qf4 Rad8
23.Qh6 Qf5 24.Rfe1 Rhg8 25.Nc4 Rxg2+ 26.Kh1 Qxf3 27.Re3 Rg1+  0-1

[Event "It"]
[Site "Enghien les Bains FRA"]
[Date "2003.06.22"]
[Round "9"]
[White "Fressinet,L"]
[Black "Polgar,Ju"]
[Result "1/2-1/2"]
[WhiteElo "2595"]
[BlackElo "2715"]

1.e4 c5 2.Nf3 d6 3.Bb5+ Bd7 4.Bxd7+ Nxd7 5.O-O Ngf6 6.Qe2 e6 7.b3 Be7 8.Bb2 O-O
9.c4 a6 10.d4 cxd4 11.Nxd4 Rc8 12.Nc3 Qc7 13.Rad1 Rfe8 14.Kh1 Bf8 15.f4 Qa5
16.Nf3 Red8 17.e5 dxe5 18.fxe5 Ng4 19.Ng5 Ndxe5 20.Nd5 exd5 21.Bxe5 Nxe5
22.Qxe5 Rc7 23.cxd5 Re7 24.Qf5 g6 25.Qh3 f5 26.d6 Red7 27.g4 f4 28.Ne6 Re8
29.g5 Rxd6 30.Nxf8 Rxd1 31.Qxh7+ Kxf8 32.Qh8+ Kf7 33.Qf6+ Kg8 34.Qxg6+ Kf8
35.Qh6+ Kg8 36.Qg6+ Kf8 37.Rxd1 Re1+ 38.Rxe1 Qxe1+ 39.Kg2 Qe2+ 40.Kh3 f3
41.Qf5+ Ke7 42.Qf6+ Kd7 43.Qf7+ Kd6 44.Qf4+ Kc6 45.Qc4+ Kb6 46.Qd4+ Kc6  1/2-1/2

[Event "WJun"]
[Site "Nakhchivan AZE"]
[Date "2003.06.23"]
[Round "2"]
[White "Kuparadze,G"]
[Black "Izoria,Z"]
[Result "0-1"]
[WhiteElo "2227"]
[BlackElo "2569"]

1.e4 c5 2.Nf3 d6 3.Bb5+ Nd7 4.O-O Nf6 5.Re1 a6 6.Bxd7+ Nxd7 7.b3 e5 8.Nc3 Nf6
9.d3 Be7 10.Bg5 Be6 11.Bxf6 Bxf6 12.Nd2 O-O 13.Nc4 g6 14.a4 b6 15.a5 b5 16.Nb6 Ra7
17.Ncd5 Bg7 18.c4 b4 19.Ra2 f5 20.exf5 Bxf5 21.f3 h5 22.Rf2 Raf7 23.Ne3 Be6
24.Nc2 Bf5 25.Ne3 Be6 26.Nc2 Bh6 27.d4 cxd4 28.Nxd4 exd4 29.Rxe6 Be3 30.Nd5 Bxf2+
31.Kxf2 Qh4+ 32.Kg1 Qg5 33.Kf2 h4 34.Qd3 Kh7 35.Re4 h3 36.Rg4 Qxg4  0-1

[Event "2nd NAO GM"]
[Site "Paris FRA"]
[Date "2003.06.23"]
[Round "4"]
[White "Maze,S"]
[Black "Chabanon,JL"]
[Result "1-0"]
[WhiteElo "2423"]
[BlackElo "2492"]

1.e4 c5 2.Nf3 d6 3.Bb5+ Bd7 4.Bxd7+ Qxd7 5.O-O Nc6 6.Qe2 g6 7.c3 Bg7 8.Rd1 Rc8
9.b3 e6 10.Bb2 d5 11.exd5 Nd8 12.dxe6 Nxe6 13.d4 cxd4 14.Nxd4 Ne7 15.Nf5 Qxd1+
16.Qxd1 Nxf5 17.Ba3 Rd8 18.Qc2 Rd7 19.Nd2 Kd8 20.Ne4 Kc8 21.Rd1 Rhd8 22.Rxd7 Rxd7
23.g3 h5 24.h4 Be5 25.Qe2 Bc7 26.Nc5 Nxc5 27.Bxc5 b6 28.Bd4 Nxd4 29.cxd4 Kd8
30.Qc4 Bd6 31.Kg2 Bf8 32.b4 Bg7 33.d5 Be5 34.a4 Bc7 35.Qc6 a5 36.b5 Rd6 37.Qc4 f5
38.Qd4 Kc8 39.Qg7 Kb7 40.Qf7 Kb8 41.f3 Kc8 42.Qg8+ Kb7 43.Qf7 Kc8 44.Kh3 Kb7
45.Kh2 Kb8 46.Kg1 Kb7 47.Kf2 Kc8 48.Ke3 Kb7 49.Kd4 Kc8 50.Qe8+ Kb7 51.f4 Ka7
52.Qc8  1-0

[Event "I Carvalho Mem Masters"]
[Site "Maia POR"]
[Date "2003.06.24"]
[Round "3"]
[White "Oratovsky,M"]
[Black "Damaso,R"]
[Result "1/2-1/2"]
[WhiteElo "2587"]
[BlackElo "2423"]

1.e4 c5 2.Nf3 d6 3.Bb5+ Nd7 4.O-O a6 5.Bxd7+ Bxd7 6.d4 cxd4 7.Qxd4 e5 8.Qd3 h6
9.c4 b5 10.c5 Be6 11.Qe3 Nf6 12.b3 Rc8 13.cxd6 Bxd6 14.Bb2 Rc2 15.Bc3 b4
16.Qd3  1/2-1/2

[Event "2nd It"]
[Site "Grenoble FRA"]
[Date "2003.06.26"]
[Round "8"]
[White "Todorov,T"]
[Black "Saez,F"]
[Result "1-0"]
[WhiteElo "2470"]
[BlackElo "2281"]

1.e4 c5 2.Nf3 d6 3.Bb5+ Nc6 4.O-O g6 5.d4 Qb6 6.Nc3 Bd7 7.dxc5 dxc5 8.Nd5 Qd8
9.Bf4 Rc8 10.Qd2 Bg7 11.Rad1 Nd4 12.Bxd7+ Qxd7 13.Ne5 Qd8 14.c3 Ne6 15.Qe2 Qa5
16.Bg3 Nf6 17.Bh4 g5 18.Bg3 Qa4 19.Nc4 b5 20.b3 Qa6 21.Nce3 Qb7 22.Nf5 Ng8
23.Ndxe7  1-0

[Event "zt 3.2a"]
[Site "Ho Chi Minh City VIE"]
[Date "2003.06.26"]
[Round "7"]
[White "To Quoc Khanh"]
[Black "Wong Zi Jing"]
[Result "1-0"]
[WhiteElo "2299"]
[BlackElo "2336"]

1.e4 c5 2.Nf3 d6 3.Bb5+ Nd7 4.d4 Nf6 5.Nc3 cxd4 6.Qxd4 e5 7.Qd3 h6 8.O-O Be7
9.Nd5 Nxd5 10.Qxd5 O-O 11.Be3 Qc7 12.Nd2 a6 13.Be2 Nf6 14.Qb3 b5 15.c4 Be6
16.Rac1 Rab8 17.Qd3 b4 18.f4 exf4 19.Rxf4 Nd7 20.Rff1 Ne5 21.Qc2 Bg5 22.Bxg5 hxg5
23.Kh1 Qa7 24.Nf3 Nxf3 25.Rxf3 Qc5 26.Qd2 Rb6 27.b3 a5 28.Rd3 Ra8 29.Rd1 Raa6
30.Rg3 f6 31.Bh5 a4 32.e5 axb3 33.axb3 Qxe5 34.Re1 Qf4 35.Qe2 Bf5 36.Qe8+ Kh7
37.Bf7 g4 38.Qg8+ Kh6 39.Qh8+ Bh7 40.Bg8 Qe4 41.h4 Qxe1+ 42.Kh2 Qe4 43.Rxg4 Qe5+
44.Kh3 Qc3+ 45.g3  1-0

[Event "2nd Open"]
[Site "La Fere FRA"]
[Date "2003.06.28"]
[Round "1"]
[White "Depoorter,E"]
[Black "Shchekachev,A"]
[Result "0-1"]
[WhiteElo "2101"]
[BlackElo "2592"]

1.e4 c5 2.Nf3 d6 3.Bb5+ Nd7 4.d4 Nf6 5.Nc3 cxd4 6.Qxd4 e5 7.Qd3 h6 8.O-O Be7
9.Nd2 O-O 10.Bxd7 Bxd7 11.Nc4 Be6 12.Ne3 Rc8 13.Rd1 Rc5 14.b3 a6 15.Na4 Rc8
16.c4 b5 17.cxb5 axb5 18.Nc3 Nd7 19.Ba3 Qa5 20.Nxb5 Rfd8 21.Qe2 Bg5 22.Bxd6 Bxe3
23.fxe3 Nf6 24.Rdc1 Nxe4 25.Bc7 Qd2 26.Qxd2 Rxd2 27.a4 Bxb3 28.Bxe5 Rxc1+
29.Rxc1 Bxa4 30.Nc3 Bc6 31.Nb1 Re2 32.Kf1 Bb5 33.Na3 Rc2+  0-1

[Event "Art of Chess Match"]
[Site "London ENG"]
[Date "2003.06.28"]
[Round "1"]
[White "Howell,D"]
[Black "Karjakin,Sergey"]
[Result "1/2-1/2"]
[WhiteElo "2251"]
[BlackElo "2556"]

1.e4 c5 2.Nf3 d6 3.Bb5+ Bd7 4.Bxd7+ Qxd7 5.c4 Nc6 6.Nc3 Nf6 7.d4 cxd4 8.Nxd4 e6
9.O-O Be7 10.Be3 O-O 11.b3 a6 12.Qe2 Rfd8 13.Rfd1 Qc7 14.Rac1 Qa5 15.f3 Rac8
16.Na4 Nd7 17.Qd2 Qh5 18.Nc3 Nxd4 19.Bxd4 Ne5 20.Ne2 Nc6 21.Nf4 Qh6 22.Be3 Bg5
23.g3 Ne5 24.Kg2 Qf6 25.h4 Bh6 26.Qe2 Qe7 27.Nd3 Bxe3 28.Qxe3 Nc6 29.Nf4 Rd7
30.Rd2 Rcd8 31.Rcd1 Ne5 32.Nd3 Nc6 33.Qb6 h6 34.b4 e5 35.Nc1 Qe6 36.b5 Nd4
37.bxa6 bxa6 38.Nb3 Qxc4 39.Nxd4 exd4 40.Qxd4 Qxd4 41.Rxd4 Rc7 42.Kf2 Kf8
43.Ke2 Ke7 44.Rb1 Rc5 45.Rb6 a5 46.Ra6 h5 47.Kd3 d5 48.Ra7+ Ke6 49.Ra6+ Ke7
50.Ra7+ Ke6  1/2-1/2

[Event "I Carvalho Mem Masters"]
[Site "Maia POR"]
[Date "2003.06.29"]
[Round "8"]
[White "Oratovsky,M"]
[Black "Fernando,D"]
[Result "1-0"]
[WhiteElo "2587"]
[BlackElo "2438"]

1.e4 c5 2.Nf3 d6 3.Bb5+ Nd7 4.O-O a6 5.Bxd7+ Bxd7 6.d4 cxd4 7.Qxd4 e5 8.Qd3 h6
9.a4 Nf6 10.c4 b5 11.b3 Be7 12.Nc3 b4 13.Ne2 O-O 14.Ng3 Kh7 15.Bb2 Qc8 16.Rac1 Qc5
17.Bd4 Qa5 18.Bb2 Qc5 19.Ne1 Rfd8 20.Qb1 Be6 21.Nd3 Qb6 22.c5 dxc5 23.Bxe5 Nd7
24.Ba1 Bg5 25.Rcd1 Bg4 26.f3 c4+ 27.Kh1 Be6 28.bxc4 Bxc4 29.Rfe1 b3 30.Nh5 g6
31.Qb2 Rg8 32.Nhf4 Rac8 33.Nh3 Bh4 34.Ndf2 Be6 35.Re2 Rcd8 36.Red2 Bf6 37.Qa3 Bxa1
38.Qxa1 Bxh3 39.gxh3 Nf6 40.a5 Qa7 41.Qxf6  1-0

[Event "I Carvalho Mem Masters"]
[Site "Maia POR"]
[Date "2003.06.29"]
[Round "8"]
[White "Rocha,S"]
[Black "Spraggett,K"]
[Result "1/2-1/2"]
[WhiteElo "2364"]
[BlackElo "2526"]

1.e4 c5 2.Nf3 d6 3.Bb5+ Nd7 4.O-O a6 5.Bd3 Ngf6 6.c3 e5 7.Bc2 Be7 8.d4 O-O
9.Re1 Qc7 10.Nbd2 b5  1/2-1/2

[Event "ch-Quebec Inv"]
[Site "Montreal CAN"]
[Date "2003.06.29"]
[Round "4"]
[White "Kleinplatz,S"]
[Black "Voskanian,V"]
[Result "0-1"]
[WhiteElo "2312"]
[BlackElo "2314"]

1.e4 c5 2.Nf3 d6 3.Bb5+ Bd7 4.Bxd7+ Nxd7 5.O-O Ngf6 6.Re1 g6 7.c3 Bg7 8.d4 cxd4
9.cxd4 O-O 10.Nc3 Nb6 11.Qb3 e6 12.Bg5 Qd7 13.e5 Nfd5 14.Ne4 dxe5 15.dxe5 Rfc8
16.a4 h6 17.Bd2 Nc4 18.Rad1 Qc7 19.Nc3 Nxd2 20.Rxd2 Nxc3 21.bxc3 b6 22.h3 Rd8
23.Rd4 Rac8 24.Re3 Bf8 25.Red3 Rxd4 26.cxd4 Qc1+ 27.Rd1 Qc2 28.Qxc2 Rxc2
29.Nd2 Ra2 30.Ne4 Rxa4 31.Nf6+ Kg7 32.d5 exd5 33.Ne8+ Kh8 34.Rxd5 Ra5 35.Rd8 Be7
36.Ra8 Rxe5 37.Rxa7 h5 38.g3 Bc5 39.Ra8 Re1+ 40.Kg2 Re2 41.h4 Rxf2+ 42.Kh3 Kh7
43.Rc8 Kh6 44.Rc6 Re2 45.Rc8 Bg1 46.g4 hxg4+ 47.Kxg4 Re4+ 48.Kg3 Bd4 49.Rd8 Be5+
50.Kh3 Re3+ 51.Kg2 Kh5 52.Kf2 Rc3 53.Rd7 f5 54.Rh7+ Kg4 55.Rh6 Rc2+ 56.Ke1 Bf4  0-1

[Event "It"]
[Site "Brno CZE"]
[Date "2003.06.30"]
[Round "4"]
[White "Vyskocil,N"]
[Black "Slaby,J"]
[Result "0-1"]
[WhiteElo "2381"]
[BlackElo "2396"]

1.e4 c5 2.Nf3 d6 3.Bb5+ Nd7 4.d4 Nf6 5.Nc3 cxd4 6.Qxd4 e5 7.Qd3 h6 8.a4 Be7
9.Be3 O-O 10.h3 Qc7 11.Qc4 Nc5 12.b4 Be6 13.Nd5 Bxd5 14.exd5 a6 15.bxc5 axb5
16.Qxb5 Nxd5 17.O-O dxc5 18.Nd2 Ra5 19.Qb3 Nxe3 20.fxe3 c4 21.Nxc4 Rc5 22.Nb6 Qc6
23.c4 Bg5 24.a5 Rd8 25.Ra2 Qe4 26.Ra3 Rd2 27.Rf2 Rxf2 28.Kxf2 Qh4+ 29.Kg1 Qe1+
30.Kh2 Bh4 31.e4 Bf2  0-1

[Event "4th Open"]
[Site "Marseille FRA"]
[Date "2003.07.01"]
[Round "5"]
[White "Rejaibi,S"]
[Black "Genov,Peta"]
[Result "0-1"]
[WhiteElo "2224"]
[BlackElo "2490"]

1.e4 c5 2.Nf3 d6 3.Bb5+ Nc6 4.O-O Bd7 5.Re1 Nf6 6.c3 a6 7.Bf1 Bg4 8.h3 Bh5
9.d3 e6 10.Bg5 Be7 11.Nbd2 h6 12.Be3 d5 13.g4 Bg6 14.e5 Nd7 15.Bf4 O-O 16.Bg3 b5
17.Nh2 c4 18.f4 Bxd3 19.Bxd3 cxd3 20.Qf3 b4 21.Qxd3 bxc3 22.Qxc3 Rc8 23.Rac1 Bb4
24.Qd3 Nc5 25.Qe3 d4 26.Qe2 d3 27.Qf2 Nd4 28.Nhf1 Ne2+ 29.Rxe2 dxe2 30.Qxe2 Qd4+  0-1

[Event "WJun"]
[Site "Nakhchivan AZE"]
[Date "2003.07.01"]
[Round "11"]
[White "Mamedov,Rau"]
[Black "Sadykov,R"]
[Result "1/2-1/2"]
[WhiteElo "2330"]
[BlackElo "2416"]

1.e4 c5 2.Nf3 d6 3.Bb5+ Nc6 4.O-O Bd7 5.Re1 Nf6 6.c3 a6 7.Bf1 Bg4 8.h3 Bxf3
9.Qxf3 g6 10.Qd1 Bg7 11.d4 cxd4 12.cxd4 e5 13.d5 Nd4 14.Nc3 O-O 15.Be3 Nd7
16.Qd2 Qa5 17.Rad1 Rfe8 18.Bd3 Rac8 19.Bb1 Nb6 20.Ne2 Qxd2 21.Bxd2 Na4 22.b3 Nxe2+
23.Rxe2 Nc3 24.Bxc3 Rxc3 25.Rc2 Rxc2 26.Bxc2 Rc8 27.Bb1 Kf8 28.Kf1 Ke7 29.Ke2 Bh6
30.Bd3 Bg5 31.Bc4 f5 32.f3 fxe4 33.fxe4  1/2-1/2